00241nam a2200097Ia 4500008004100000082001900041100001400060245003900074260002200113300000800135150731s1998 xx 000 0 und d a615.53bS 98 J aJOG, K.P. aSURESVARA'S VARTIKA ON KHILA KANDA bVED PRAKASHc1998 a698